000 01059nam a2200277 a 4500
001 000036861
005 20200930080001.0
008 120202s1954 mx 000 0 spa d
040 _aDO-SdBNP
_bspa
_cBNPHU
082 _axxx
_bF673o, 1954
245 0 1 _aFilosofía del oriente /
_cChan Wing-Tsit ... [et al.] ; traducción de Jorge Hernández Campos y Jorge Portilla.
250 _a2a ed.
260 _aMéxico :
_bFondo de Cultura Económica,
_c1954.
300 _a210 p. ;
_c17 cm.
490 1 _aBreviarios del Fondo de Cultura Económica
_v28
500 _aIncluye referencias bibliográficas y notas al pie de las páginas
500 _aTítulo original. Philosophy east and west.
700 1 _aHernández Campos, Jorge
_etr.
_950243
700 1 _aPortilla, Jorge
_etr.
_963219
700 1 _aChan, Wing-Tsit
_963220
700 1 _aConger, George P.
_963221
700 1 _aTakakusu, Junjiro
_963222
700 1 _aSuzuki, Daisetz Teitaro
_963223
700 1 _aSakamaki, Shunzo
_963224
830 0 _aBreviarios del Fondo de Cultura Económica;
_v28
_925786
999 _c36352
_d36352